000 00494nam a2200181Ia 4500
003 GCL
008 140319s9999 xx 000 0 ara d
040 _aGCL /
_cGCL
082 0 4 _a823.03
_bس ص
100 1 _aسير هول كين
245 1 0 _aصوت الضمير /
_cسير هول كين
260 _a[S.N] :
_bالمكتبة الثقافية
300 _a207 ص
490 _a
650 0 4 _aالقصص الانجليزية المترجمة
650 0 4 _aالقصص
942 _2ddc
_cBK
999 _c38673
_d38673